Catálogo público

El subdesarrollo y la vía del desarrollo (Record no. 101551)

MARC details
000 -CABECERA
campo de control de longitud fija 01089nam a22003257a 4500
003 - IDENTIFICADOR DEL NÚMERO DE CONTROL
campo de control CHAP
005 - FECHA Y HORA DE LA ÚLTIMA TRANSACCIÓN
campo de control 20220817044446.0
008 - DATOS DE LONGITUD FIJA--INFORMACIÓN GENERAL
campo de control de longitud fija 110720d1975 mx a r 00010 spa d
010 ## - NÚMERO DE CONTROL DE LA BIBLIOTECA DEL CONGRESO
Número de control de LC 101551
011 ## - ENLACE DEL NUMERO DE CONTROL DE LA BIBLIOTECA DEL CONGRESO [OBSOLETO]
Número de control de LC 102523
035 ## - NÚMERO DE CONTROL DEL SISTEMA
Número de control de sistema 113212
040 ## - FUENTE DE LA CATALOGACIÓN
Centro/agencia transcriptor CHAP
082 04 - NÚMERO DE LA CLASIFICACIÓN DECIMAL DEWEY
Número de clasificación 330.9
Número de documento/Ítem P92 1975
100 1# - ENTRADA PRINCIPAL--NOMBRE DE PERSONA
Nombre de persona Pérez, Humberto.
9 (RLIN) 90121
245 13 - MENCIÓN DE TÍTULO
Título El subdesarrollo y la vía del desarrollo
Mención de responsabilidad, etc. /por Humberto Pérez
250 ## - MENCIÓN DE EDICIÓN
Mención de edición 3 ed.
260 ## - PUBLICACIÓN, DISTRIBUCIÓN, ETC.
Lugar de publicación, distribución, etc. La Habana, Cub. :
Nombre del editor, distribuidor, etc. Editorial de Ciencias Sociales,
Fecha de publicación, distribución, etc. 1975
300 ## - DESCRIPCIÓN FÍSICA
Extensión 172 p. :
Otras características físicas ilus., cuadros
590 ## - NOTA LOCAL (RLIN)
Nota local BATCH-UPD
Procedencia (VM) [OBSOLETO] 10
Condición del los carretes individuales (VM) [OBSOLETO] 20130110
-- UCH01
-- 1029
590 ## - NOTA LOCAL (RLIN)
Nota local BATCH-UPD
Procedencia (VM) [OBSOLETO] 10
Condición del los carretes individuales (VM) [OBSOLETO] 20130410
-- UCH01
-- 0632
590 ## - NOTA LOCAL (RLIN)
Nota local BATCH-UPD
Procedencia (VM) [OBSOLETO] 10
Condición del los carretes individuales (VM) [OBSOLETO] 20130914
-- UCH01
-- 1153
590 ## - NOTA LOCAL (RLIN)
Nota local CONVERSION
Procedencia (VM) [OBSOLETO] 10
Condición del los carretes individuales (VM) [OBSOLETO] 20130109
-- UCH01
-- 1356
650 14 - PUNTO DE ACCESO ADICIONAL DE MATERIA--TÉRMINO DE MATERIA
Término de materia o nombre geográfico como elemento de entrada Desarrollo económico.
650 14 - PUNTO DE ACCESO ADICIONAL DE MATERIA--TÉRMINO DE MATERIA
Término de materia o nombre geográfico como elemento de entrada Países subdesarrollados
Subdivisión general Condiciones económicas.
9 (RLIN) 85152
650 14 - PUNTO DE ACCESO ADICIONAL DE MATERIA--TÉRMINO DE MATERIA
Término de materia o nombre geográfico como elemento de entrada Países subdesarrollados
Subdivisión general Condiciones sociales.
9 (RLIN) 85154
650 14 - PUNTO DE ACCESO ADICIONAL DE MATERIA--TÉRMINO DE MATERIA
Término de materia o nombre geográfico como elemento de entrada Pobreza.
9 (RLIN) 89463
901 ## - ELEMENTOS DE DATOS A LOCAL LDA (RLIN)
a BK
942 ## - ELEMENTOS DE PUNTO DE ACCESO ADICIONAL (KOHA)
Tipo de ítem Koha Libro
949 ## - PROCESAMIENTO DE INFORMACIÓN LOCAL (OCLC)
a 330.9 P92 1975
b BC
c LIBRO
d 33724002243983
e LIBRO
h 115267
i 113212
s b
Holdings
Estado de retiro Estado de pérdida Fuente del sistema de clasificación o colocación Estado dañado Restricciones de uso No para préstamo Código de colección Localización permanente Ubicación/localización actual Ubicación en estantería Fecha de adquisición Información codificada de la localización en otra ubicación Total de préstamos Signatura topográfica completa Código de barras Fecha visto por última vez Precio válido a partir de Tipo de ítem Koha
    Dewey Decimal Classification   Préstamo 15 días   General Biblioteca Central Biblioteca Central Planta alta - Colección General 31/12/2019 LIBRO   330.9 P92 1975 33724002243983 31/12/2019 31/12/2019 Libro